000 00335nam a22001457a 4500
003 SGT
020 _a978-184619-565-5
082 _a610
_bA13P
100 _aPOWLEY, ELAINE
245 _aTHE ARTS IN MEDICAL EDUCATION: A PRACTICAL GUIDE
250 _a2ND
260 _aLONDON
_bREDCLIFFE
_c2013
300 _a163
942 _2ddc
_cBK
999 _c15231
_d15231